Normal view
MARC view
Entry Personal Name
001 - CONTROL NUMBER
- control field: 722994
003 - CONTROL NUMBER IDENTIFIER
- control field: OSt
005 - DATE AND TIME OF LATEST TRANSACTION
- control field: 20240920101311.0
008 - FIXED-LENGTH DATA ELEMENTS
- fixed length control field: 240920|| aca||aabn | a|a d
040 ## - CATALOGING SOURCE
- Original cataloging agency: OSt
- Transcribing agency: OSt
100 ## - HEADING--PERSONAL NAME
- Personal name: Thornton George C. Au.; Mueller - Hanson Rose A. Au.; Rupp Deborah E. Au
670 ## - SOURCE DATA FOUND
- Source citation: Work cat.: (OSt)1216266: Thornton George C. Au.; Mueller - Hanson Rose A. Au.; Rupp Deborah E. Au., Developing organizational simulations: a guide for practitioners, students,a nd researchers, 2017
